Risk Assessment in Conservation Biology. (Record no. 7103)

MARC details
000 -LEADER
fixed length control field 00586nam a22002057a 4500
003 - CONTROL NUMBER IDENTIFIER
control field OSt
005 - DATE AND TIME OF LATEST TRANSACTION
control field 20240411173151.0
008 - FIXED-LENGTH DATA ELEMENTS--GENERAL INFORMATION
fixed length control field 210903b ||||| |||| 00| 0 eng d
020 ## - INTERNATIONAL STANDARD BOOK NUMBER
International Standard Book Number 0412350300
040 ## - CATALOGING SOURCE
Transcribing agency DDC
082 ## - DEWEY DECIMAL CLASSIFICATION NUMBER
Classification number 574.524 BUR 1996
100 ## - MAIN ENTRY--PERSONAL NAME
Personal name Edited by Burgman, M.A.; Ferson, S. ; Akcakaya, H.R.
9 (RLIN) 14639
245 ## - TITLE STATEMENT
Title Risk Assessment in Conservation Biology.
260 ## - PUBLICATION, DISTRIBUTION, ETC. (IMPRINT)
Place of publication, distribution, etc. UK
Name of publisher, distributor, etc. Chapman & Hall.
Date of publication, distribution, etc. 1996
300 ## - PHYSICAL DESCRIPTION
Extent viii,314p;
Other physical details ill
Dimensions 25cm
504 ## - BIBLIOGRAPHY, ETC. NOTE
Bibliography, etc Includes; References and index.
650 ## - SUBJECT ADDED ENTRY--TOPICAL TERM
Topical term or geographic name as entry element Biology
9 (RLIN) 5602
650 ## - SUBJECT ADDED ENTRY--TOPICAL TERM
Topical term or geographic name as entry element Conservation
9 (RLIN) 5920
942 ## - ADDED ENTRY ELEMENTS (KOHA)
Source of classification or shelving scheme Dewey Decimal Classification
Koha item type Open Shelf
Holdings
Withdrawn status Lost status Source of classification or shelving scheme Damaged status Not for loan Home library Current library Date acquired Source of acquisition Inventory number Total Checkouts Full call number Barcode Date last seen Price effective from Koha item type
    Dewey Decimal Classification     MUST Main Library MUST Main Library 03/09/2021 Purchase 08/29789   574.5248BUR1996 2021-0832 03/09/2021 03/09/2021 Open Shelf